[Event "BL 1314 Hamburger SK - SV Mülheim Nord"]
[Site "?"]
[Date "2014.02.09"]
[Round "8.2"]
[White "Van Kampen, Robin"]
[Black "Landa, Konstantin"]
[Result "1/2-1/2"]
[WhiteElo "2610"]
[BlackElo "2637"]
[PlyCount "73"]
[EventDate "2014.??.??"]
[TimeControl "120+23"]
[WhiteClock "0:00:21"]
[BlackClock "0:00:13"]

1. e4 e5 2. Nf3 Nf6 3. Nxe5 d6 4. Nf3 Nxe4 5. Nc3 Nxc3 6. dxc3 Be7 7. Be3 O-O
8. Qd2 Qe8 9. O-O-O Qa4 10. Kb1 Nc6 11. Bd3 Be6 12. b3 Qa5 13. Rhe1 Bf6 14. Nd4
Bd5 15. Bf1 Rfe8 16. f3 h6 17. a4 a6 18. Kb2 Ne7 19. Ne2 Nf5 20. Bf2 Bc6 21.
Nd4 Nxd4 22. Bxd4 Bxd4 23. Qxd4 Qh5 24. h3 Qg5 25. Qf2 a5 26. Bd3 Kf8 27. Bc4
Qf6 28. Qd4 Qxd4 29. cxd4 g5 30. Kc3 Rxe1 31. Rxe1 Re8 32. Rxe8+ Kxe8 33. Bb5
Bxb5 34. axb5 d5 35. b4 axb4+ 36. Kxb4 b6 37. g4 1/2-1/2

[Event "BL 1314 Hamburger SK - SV Mülheim Nord"]
[Site "?"]
[Date "2014.02.09"]
[Round "8.3"]
[White "Fridman, Daniel"]
[Black "Ernst, Sipke"]
[Result "1-0"]
[WhiteElo "2607"]
[BlackElo "2575"]
[PlyCount "79"]
[EventDate "2014.??.??"]
[TimeControl "120+22"]
[WhiteClock "0:00:12"]
[BlackClock "0:00:01"]

1. d4 d5 2. Nf3 c6 3. c4 Nf6 4. Qc2 dxc4 5. Qxc4 Bg4 6. Nc3 Nbd7 7. e4 Bxf3 8.
gxf3 e5 9. Be3 exd4 10. Bxd4 Bd6 11. O-O-O Qe7 12. Be3 Ne5 13. Qd4 Bc7 14. f4
Ng6 15. e5 Ng4 16. Qe4 Bb6 17. Bxb6 axb6 18. Rd2 Qc5 19. Qf3 Nh6 20. Bd3 Rxa2
21. Bxg6 hxg6 22. b4 Ra1+ 23. Kb2 Qxc3+ 24. Qxc3 Rxh1 25. e6 fxe6 26. Qxg7 Nf7
27. Qxg6 Re1 28. f5 exf5 29. Qxf5 Kf8 30. Qc8+ Re8 31. Qxb7 Ne5 32. Kc2 Rxh2
33. Qxb6 Kf7 34. Qe3 Rh4 35. f4 Ng6 36. Rd7+ Re7 37. f5 Kf8 38. Rd8+ Kg7 39.
Qg3 Re2+ 40. Kd1 1-0

[Event "BL 1314 Hamburger SK - SV Mülheim Nord"]
[Site "?"]
[Date "2014.02.09"]
[Round "8.4"]
[White "Kempinski, Robert"]
[Black "Tregubov, Pavel V"]
[Result "1/2-1/2"]
[WhiteElo "2594"]
[BlackElo "2629"]
[PlyCount "142"]
[EventDate "2014.??.??"]
[TimeControl "120+24"]
[WhiteClock "0:00:19"]
[BlackClock "0:00:14"]

1. d4 d5 2. c4 c6 3. e3 Nf6 4. Nf3 g6 5. Nc3 Bg7 6. Bd3 O-O 7. O-O dxc4 8. Bxc4
Bg4 9. h3 Bxf3 10. Qxf3 Nbd7 11. Rd1 e5 12. d5 e4 13. Nxe4 Nxe4 14. Qxe4 Nb6
15. Bb3 cxd5 16. Qb4 Qc7 17. Bxd5 Nxd5 18. Rxd5 Rfd8 19. e4 Rxd5 20. exd5 Qd7
21. d6 a5 22. Qa3 Be5 23. Bh6 Qxd6 24. Qxd6 Bxd6 25. Rd1 Ra6 26. Rd5 f6 27. Be3
a4 28. Rb5 a3 29. Rxb7 axb2 30. Rxb2 Be5 31. Rd2 Kf7 32. Rd7+ Ke6 33. Ra7 Rd6
34. Kf1 Bd4 35. Ra3 Bxe3 36. Rxe3+ Kf5 37. a4 Ra6 38. Ra3 Ra5 39. Ke2 Ke4 40.
g4 Kd4 41. Kf3 h5 42. Kg3 hxg4 43. hxg4 Ke4 44. Rf3 Ke5 45. Rf4 Rc5 46. Rf3 Ra5
47. Ra3 Ke4 48. Ra1 g5 49. Ra3 Ke5 50. Kf3 Kd4 51. Ra1 Kc3 52. Rc1+ Kd4 53. Rc6
Ke5 54. Rc4 f5 55. gxf5 Kxf5 56. Ke3 Re5+ 57. Kd2 Kg6 58. Rc3 g4 59. Ra3 Rf5
60. Ke2 Ra5 61. Kd3 Kf5 62. Kc4 Ke6 63. Ra2 Kd6 64. Kd4 Rg5 65. Ra1 g3 66. f4
Rg4 67. Ke4 g2 68. Rg1 Rg3 69. Kf5 Ke7 70. a5 Kf7 71. a6 Ra3 1/2-1/2

[Event "BL 1314 Hamburger SK - SV Mülheim Nord"]
[Site "?"]
[Date "2014.02.09"]
[Round "8.5"]
[White "Hausrath, Daniel"]
[Black "Svane, Rasmus"]
[Result "1/2-1/2"]
[WhiteElo "2518"]
[BlackElo "2469"]
[PlyCount "91"]
[EventDate "2014.??.??"]
[TimeControl "120+21"]
[WhiteClock "0:00:11"]
[BlackClock "0:00:30"]

1. Nf3 d5 2. g3 c6 3. Bg2 Bf5 4. d3 h6 5. O-O e6 6. c4 dxc4 7. dxc4 Qxd1 8.
Rxd1 Nf6 9. Be3 Nbd7 10. Nc3 Ng4 11. Bd2 Bc5 12. Be1 O-O-O 13. Nd4 Bg6 14. Na4
Be7 15. Ba5 Rde8 16. h3 Ngf6 17. Rac1 Nc5 18. Nxc5 Bxc5 19. Nb3 Bb6 20. c5 Bc7
21. Bxc7 Kxc7 22. Na5 Rd8 23. a3 Be4 24. Nc4 Bxg2 25. Kxg2 Rxd1 26. Rxd1 Nd7
27. b4 b6 28. cxb6+ axb6 29. a4 Rb8 30. b5 cxb5 31. axb5 f6 32. Rd6 Ne5 33.
Rxe6 Nxc4 34. Rc6+ Kd7 35. Rxc4 Re8 36. Rc6 Re6 37. Rc2 Re5 38. Rb2 Kd6 39. f4
Re3 40. Rc2 Kd7 41. Ra2 g5 42. Ra7+ Kd6 43. Rf7 Ke6 44. Rb7 gxf4 45. Rxb6+ Kf5
46. gxf4 1/2-1/2

[Event "BL 1314 Hamburger SK - SV Mülheim Nord"]
[Site "?"]
[Date "2014.02.09"]
[Round "8.6"]
[White "Ftacnik, Lubomir"]
[Black "Feygin, Michael"]
[Result "1/2-1/2"]
[WhiteElo "2536"]
[BlackElo "2496"]
[PlyCount "73"]
[EventDate "2014.??.??"]
[TimeControl "120+24"]
[WhiteClock "0:00:07"]
[BlackClock "0:00:01"]

1. d4 e6 2. Nf3 Nf6 3. c4 d5 4. Nc3 Be7 5. Bf4 O-O 6. e3 c5 7. dxc5 Bxc5 8.
cxd5 Nxd5 9. Nxd5 Qxd5 10. Qxd5 exd5 11. Bd3 Nc6 12. O-O Be6 13. Rac1 Bb6 14.
a3 d4 15. Ng5 h6 16. Nxe6 fxe6 17. Bc4 Rf6 18. Rfe1 Kh8 19. Bg3 dxe3 20. fxe3
Rd8 21. Rc2 Ne7 22. Bh4 g5 23. Bg3 Ng6 24. Rf2 Kg7 25. h3 h5 26. Rxf6 Kxf6 27.
Kh1 h4 28. Rf1+ Kg7 29. Be1 Bxe3 30. Bxe6 Nf4 31. Bg4 Kg6 32. g3 hxg3 33. Bxg3
Rd2 34. b4 Rd3 35. Rd1 Rxd1+ 36. Bxd1 Nxh3 37. Kg2 1/2-1/2

[Event "BL 1314 Hamburger SK - SV Mülheim Nord"]
[Site "?"]
[Date "2014.02.09"]
[Round "8.7"]
[White "Levin, Felix"]
[Black "Heinemann, Thies"]
[Result "1/2-1/2"]
[WhiteElo "2489"]
[BlackElo "2459"]
[PlyCount "83"]
[EventDate "2014.??.??"]
[TimeControl "120+27"]
[WhiteClock "0:00:04"]
[BlackClock "0:00:03"]

1. d4 Nf6 2. c4 e6 3. Nc3 Bb4 4. Qc2 Nc6 5. Nf3 d6 6. Bd2 O-O 7. a3 Bxc3 8.
Bxc3 Qe7 9. e3 a5 10. Bd3 e5 11. d5 Nd8 12. Nd2 c6 13. dxc6 bxc6 14. O-O c5 15.
Ne4 Ne8 16. Ng3 g6 17. f4 f5 18. e4 exf4 19. Ne2 g5 20. exf5 Qf7 21. h4 Bxf5
22. hxg5 Ne6 23. Ng3 Bxd3 24. Qxd3 Nxg5 25. Bd2 Ne6 26. Ne2 Qg6 27. Qxg6+ hxg6
28. Nxf4 Nxf4 29. Rxf4 Rxf4 30. Bxf4 Rb8 31. Re1 Kf7 32. Re2 a4 33. Kf2 Rb7 34.
Ke1 Re7 35. Rxe7+ Kxe7 36. Kd2 Kd7 37. b3 axb3 38. Kc3 Kc6 39. Kxb3 Ng7 40. Kc3
Nf5 41. Kd3 d5 42. cxd5+ 1/2-1/2

[Event "BL 1314 Hamburger SK - SV Mülheim Nord"]
[Site "?"]
[Date "2014.02.09"]
[Round "8.8"]
[White "Berger, Steve"]
[Black "Saltaev, Mihail"]
[Result "1/2-1/2"]
[WhiteElo "2418"]
[BlackElo "2493"]
[PlyCount "54"]
[EventDate "2014.??.??"]
[TimeControl "120+33"]
[WhiteClock "0:00:57"]
[BlackClock "0:00:27"]

1. e4 c6 2. Nf3 d5 3. Nc3 Bg4 4. h3 Bxf3 5. Qxf3 e6 6. Be2 Nd7 7. d4 Qb6 8. Qd3
dxe4 9. Nxe4 Ngf6 10. O-O Nxe4 11. Qxe4 Nf6 12. Qd3 Rd8 13. Rd1 Be7 14. Qb3 O-O
15. Qxb6 axb6 16. c4 Ne4 17. Be3 Bg5 18. a4 Bxe3 19. fxe3 Ra8 20. Bd3 Nf6 21.
b4 Ra7 22. a5 Rfa8 23. Rab1 bxa5 24. bxa5 Rb8 25. Ra1 Rba8 26. Rab1 Rb8 27. Ra1
Rba8 1/2-1/2

[Event "BL 1314 SV Griesheim - SG Solingen"]
[Site "?"]
[Date "2014.02.09"]
[Round "8.1"]
[White "Ragger, Markus"]
[Black "Tazbir, Marcin"]
[Result "1-0"]
[WhiteElo "2646"]
[BlackElo "2537"]
[PlyCount "157"]
[EventDate "2014.??.??"]

1. d4 Nf6 2. c4 e6 3. Nf3 d5 4. g3 Bb4+ 5. Bd2 Bd6 6. Bg2 O-O 7. Nc3 Ne4 8. O-O
Nxd2 9. Nxd2 c6 10. e4 dxe4 11. Ndxe4 Bc7 12. d5 exd5 13. cxd5 Be5 14. Qh5 Nd7
15. Rad1 g6 16. Qe2 Qb6 17. Rfe1 Bg7 18. dxc6 bxc6 19. Rd6 Qc7 20. Qc2 Ne5 21.
Nd5 Qb8 22. Ndf6+ Kh8 23. Qc5 Ng4 24. b3 Qb6 25. Rxc6 Qxc5 26. Rxc5 Nxf6 27.
Nxf6 Rb8 28. Nd5 Rd8 29. Rc7 Be6 30. Ne7 Rd2 31. Nc6 Rf8 32. Rxa7 Bd7 33. Rf1
Bxc6 34. Bxc6 Bd4 35. Rd7 Rc8 36. Bb7 Rcc2 37. Rxf7 Kg8 38. Bd5 Bc5 39. Rd7+
Kh8 40. Kh1 Rxa2 41. Rd8+ Kg7 42. b4 Bf8 43. Rc1 Rac2 44. Rxc2 Rxc2 45. b5 Rb2
46. Rd7+ Kh8 47. Bc4 g5 48. Rd5 h6 49. Kg2 Kg7 50. Kf3 Kf6 51. h4 gxh4 52. gxh4
Rb4 53. Bd3 Ke6 54. Rh5 Bg7 55. Be4 Kd6 56. Kf4 Kc7 57. Kf3 Kb6 58. Bc6 Rd4 59.
Kg3 Rd3+ 60. Kg4 Rd6 61. Rf5 Bc3 62. Rf7 Rd4+ 63. f4 Rd6 64. h5 Bb2 65. Kf5 Bc3
66. Re7 Rf6+ 67. Ke4 Bd2 68. f5 Bc3 69. Re8 Kc7 70. Bd5 Kb6 71. Rc8 Bb2 72. Be6
Ba3 73. Ke5 Bb2+ 74. Kd5 Ba3 75. Rb8+ Kc7 76. Ra8 Bb4 77. Rc8+ Kb7 78. Rg8 Bd2
79. Rg6 1-0

[Event "BL 1314 SV Griesheim - SG Solingen"]
[Site "?"]
[Date "2014.02.09"]
[Round "8.2"]
[White "Bulski, Krzysztof"]
[Black "L'Ami, Erwin"]
[Result "1/2-1/2"]
[WhiteElo "2545"]
[BlackElo "2649"]
[PlyCount "45"]
[EventDate "2014.??.??"]

1. e4 e5 2. Nf3 Nc6 3. Bb5 Nf6 4. O-O Nxe4 5. Re1 Nd6 6. Nxe5 Be7 7. Bf1 Nxe5
8. Rxe5 O-O 9. d4 Ne8 10. c3 d5 11. Re1 c6 12. Bf4 Bd6 13. Bxd6 Nxd6 14. Bd3
Bf5 15. Bxf5 Nxf5 16. Nd2 Re8 17. Rxe8+ Qxe8 18. Qf1 Qd7 19. Re1 Re8 20. Re2
Nd6 21. Qe1 Rxe2 22. Qxe2 f6 23. h3 1/2-1/2

[Event "BL 1314 SV Griesheim - SG Solingen"]
[Site "?"]
[Date "2014.02.09"]
[Round "8.4"]
[White "Horvath, Peter"]
[Black "Naumann, Alexander"]
[Result "1/2-1/2"]
[WhiteElo "2451"]
[BlackElo "2543"]
[PlyCount "42"]
[EventDate "2014.??.??"]

1. d4 Nf6 2. c4 g6 3. Nc3 d5 4. cxd5 Nxd5 5. Bd2 Bg7 6. e4 Nxc3 7. Bxc3 O-O 8.
Be2 c5 9. d5 e6 10. Nf3 exd5 11. exd5 Bg4 12. O-O Qd6 13. Qb3 Nd7 14. Bxg7 Kxg7
15. Qxb7 Rab8 16. Qc6 Qf4 17. b3 Rb6 18. Qa4 Qxa4 19. bxa4 Rd6 20. h3 Bxf3 21.
Bxf3 Ne5 1/2-1/2

[Event "BL 1314 SV Griesheim - SG Solingen"]
[Site "?"]
[Date "2014.02.09"]
[Round "8.5"]
[White "Andersen, Mads"]
[Black "Farago, Ivan"]
[Result "1/2-1/2"]
[WhiteElo "2504"]
[BlackElo "2474"]
[PlyCount "54"]
[EventDate "2014.??.??"]

1. d4 Nf6 2. c4 e6 3. Nf3 d5 4. g3 Bb4+ 5. Bd2 Be7 6. Bg2 O-O 7. O-O Nbd7 8.
Qc2 c6 9. Rd1 a5 10. Bf4 b5 11. c5 Nh5 12. Bc1 f5 13. Nbd2 g5 14. Ne5 Nxe5 15.
dxe5 Qc7 16. Nf3 g4 17. Nd4 Bd7 18. Bf4 Nxf4 19. gxf4 Kh8 20. f3 Rg8 21. Kh1
Rg6 22. fxg4 Rxg4 23. e3 Rag8 24. Bf3 R4g6 25. a3 Qd8 26. b4 a4 27. Rg1 Rxg1+
1/2-1/2

[Event "BL 1314 SV Griesheim - SG Solingen"]
[Site "?"]
[Date "2014.02.09"]
[Round "8.6"]
[White "Izsak, Gyula"]
[Black "Hoffmann, Michael"]
[Result "1/2-1/2"]
[WhiteElo "2432"]
[BlackElo "2467"]
[PlyCount "40"]
[EventDate "2014.??.??"]

1. d4 Nf6 2. c4 e6 3. Nf3 d5 4. Nc3 dxc4 5. e3 a6 6. Bxc4 b5 7. Bb3 Bb7 8. O-O
c5 9. a3 Nbd7 10. Qe2 Qc7 11. Rd1 Bd6 12. h3 O-O 13. Bc2 Rac8 14. dxc5 Bxc5 15.
e4 b4 16. axb4 Bxb4 17. Bd2 Bd6 18. Rdc1 Bf4 19. Bxf4 Qxf4 20. Qd2 Qb8 1/2-1/2

[Event "BL 1314 SV Griesheim - SG Solingen"]
[Site "?"]
[Date "2014.02.09"]
[Round "8.7"]
[White "Wegerle, Joerg"]
[Black "Grabarczyk, Bogdan"]
[Result "1/2-1/2"]
[WhiteElo "2422"]
[BlackElo "2401"]
[PlyCount "80"]
[EventDate "2014.??.??"]

1. Nf3 d5 2. c4 dxc4 3. Na3 a6 4. Nxc4 b5 5. Na3 Bb7 6. e3 c5 7. Be2 Nf6 8. O-O
Nc6 9. b3 e5 10. Bb2 e4 11. Ne1 Bd6 12. f4 Qe7 13. Nac2 Rd8 14. Rf2 O-O 15. g4
Nd5 16. Ng2 Bc7 17. g5 f5 18. gxf6 Nxf6 19. Qe1 Qd7 20. Nh4 Kh8 21. Rd1 Ba5 22.
Rg2 Qh3 23. Bf1 Qe6 24. Rg5 Rd5 25. Qg3 Rxg5 26. Qxg5 Qg4+ 27. Qxg4 Nxg4 28.
Be2 Nf6 29. Nf5 Rd8 30. d3 exd3 31. Rxd3 Rxd3 32. Bxd3 Bc7 33. Kf2 Kg8 34. Bxf6
gxf6 35. Be4 Bc8 36. Nh6+ Kg7 37. Nf5+ Kf8 38. Kf3 Bd7 39. Ng3 Kg8 40. Bf5 Bxf5
1/2-1/2

[Event "BL 1314 SV Griesheim - SG Solingen"]
[Site "?"]
[Date "2014.02.09"]
[Round "8.8"]
[White "Walter, Stefan"]
[Black "Schaefer, Markus"]
[Result "1/2-1/2"]
[WhiteElo "2369"]
[BlackElo "2396"]
[PlyCount "54"]
[EventDate "2014.??.??"]

1. d4 Nf6 2. c4 g6 3. Nc3 Bg7 4. e4 d6 5. f3 c6 6. Be3 a6 7. a4 a5 8. Qd2 Na6
9. Rd1 Nd7 10. Bd3 e5 11. Nge2 O-O 12. O-O exd4 13. Nxd4 Ne5 14. Be2 Qe7 15. h3
Re8 16. Rfe1 Nb4 17. Bf1 Qc7 18. Qf2 b6 19. Nb3 Rb8 20. Bd4 Ba6 21. f4 c5 22.
fxe5 cxd4 23. exd6 Qxd6 24. Nxd4 Qc5 25. Ndb5 Be5 26. Rd2 Bf4 27. Qxc5 bxc5
1/2-1/2

[Event "BL 1314 SC Viernheim - SG Turm Trier"]
[Site "?"]
[Date "2014.02.09"]
[Round "8.1"]
[White "Erdos, Viktor"]
[Black "Maze, Sebastien"]
[Result "1/2-1/2"]
[WhiteElo "2656"]
[BlackElo "2536"]
[PlyCount "49"]
[EventDate "2014.??.??"]

1. Nf3 Nf6 2. c4 g6 3. g3 Bg7 4. Bg2 O-O 5. O-O c5 6. d4 cxd4 7. Nxd4 Nc6 8.
Nc3 Qa5 9. Nc2 d6 10. Bd2 Qh5 11. e4 Qxd1 12. Raxd1 Bg4 13. f3 Bd7 14. Rf2 Rac8
15. Bf1 Rfd8 16. b3 Be8 17. Nd5 Kf8 18. Bg5 Ng8 19. Bh3 Bd7 20. Kg2 Bxh3+ 21.
Kxh3 Rd7 22. f4 h6 23. Bh4 e6 24. Nde3 Bf6 25. e5 1/2-1/2

[Event "BL 1314 SC Viernheim - SG Turm Trier"]
[Site "?"]
[Date "2014.02.09"]
[Round "8.2"]
[White "Wells, Peter K"]
[Black "Lupulescu, Constantin"]
[Result "0-1"]
[WhiteElo "2461"]
[BlackElo "2636"]
[PlyCount "88"]
[EventDate "2014.??.??"]

1. d4 d5 2. c4 e6 3. Nf3 a6 4. cxd5 exd5 5. Nc3 c6 6. Qc2 Bd6 7. Bg5 Ne7 8. e4
dxe4 9. Qxe4 h6 10. Bxe7 Qxe7 11. Qxe7+ Kxe7 12. Bc4 Bf5 13. O-O Rd8 14. Rfe1+
Kf8 15. Ne5 Bxe5 16. dxe5 Rd4 17. Bb3 Nd7 18. Ne2 Rd2 19. Ng3 Bh7 20. Bxf7 Kxf7
21. e6+ Kf8 22. Nf1 Rd4 23. exd7 Rd8 24. Ne3 R8xd7 25. Rac1 Bg8 26. a3 Rd2 27.
Red1 Bb3 28. Rxd2 Rxd2 29. Rb1 Ba2 30. Rd1 Rxb2 31. g4 Rb1 32. Rxb1 Bxb1 33.
Nc4 c5 34. f4 b5 35. Ne5 Ke7 36. Kf2 Kd6 37. Ke3 Kd5 38. h4 a5 39. h5 a4 40.
Nd7 Kd6 41. Ne5 b4 42. axb4 cxb4 43. Kd4 a3 44. Nc4+ Kc7 0-1

[Event "BL 1314 SC Viernheim - SG Turm Trier"]
[Site "?"]
[Date "2014.02.09"]
[Round "8.3"]
[White "Cyborowski, Lukasz"]
[Black "Abergel, Thal"]
[Result "1/2-1/2"]
[WhiteElo "2524"]
[BlackElo "2416"]
[PlyCount "93"]
[EventDate "2014.??.??"]

1. c4 Nf6 2. Nc3 e5 3. Nf3 Nc6 4. e3 Bb4 5. Qc2 O-O 6. Nd5 Re8 7. Bd3 h6 8. O-O
Bd6 9. Nxf6+ Qxf6 10. a3 b6 11. Bh7+ Kh8 12. Be4 Bb7 13. b4 Qe7 14. Bb2 a5 15.
c5 bxc5 16. bxc5 Bxc5 17. Nxe5 Nxe5 18. Bxb7 Rab8 19. Bd5 Qd6 20. Ba2 Ng4 21.
g3 Kg8 22. h3 Rxb2 23. Qxb2 Nf6 24. d4 Bb6 25. Qb3 Re7 26. Bb1 h5 27. Ra2 h4
28. g4 Nd5 29. Qd1 c6 30. Qf3 Bc7 31. Rc1 g6 32. Qg2 a4 33. Be4 Nf6 34. Bd3 Nd5
35. Be4 Nf6 36. Bd3 Nd5 37. Bc4 Nf6 38. Rcc2 Kg7 39. Be2 Ne4 40. Bd3 Ng5 41.
Be2 Re8 42. Rcb2 Ne4 43. Bf3 Ng5 44. Rb7 Bb8 45. Rab2 Bc7 46. Rb1 Ba5 47. Rd1
1/2-1/2

[Event "BL 1314 SC Viernheim - SG Turm Trier"]
[Site "?"]
[Date "2014.02.09"]
[Round "8.4"]
[White "Beikert, Guenther"]
[Black "Parligras, Mircea-Emilian"]
[Result "1/2-1/2"]
[WhiteElo "2421"]
[BlackElo "2571"]
[PlyCount "42"]
[EventDate "2014.??.??"]

1. e4 c6 2. d4 d5 3. exd5 cxd5 4. c3 Nc6 5. Bf4 Nf6 6. Nf3 a6 7. Bd3 Bg4 8.
Nbd2 e6 9. O-O Bd6 10. Bxd6 Qxd6 11. Re1 O-O 12. Qb1 Ne7 13. a4 Bf5 14. a5 Rac8
15. Ne5 Nd7 16. Nxd7 Qxd7 17. Nb3 Qc7 18. Nc5 Rce8 19. b4 Bxd3 20. Qxd3 Nc8 21.
Re5 Nd6 1/2-1/2

[Event "BL 1314 SC Viernheim - SG Turm Trier"]
[Site "?"]
[Date "2014.02.09"]
[Round "8.5"]
[White "Bobras, Piotr"]
[Black "Meinhardt, Maximilian"]
[Result "1-0"]
[WhiteElo "2515"]
[BlackElo "2400"]
[PlyCount "79"]
[EventDate "2014.??.??"]

1. e4 e6 2. d4 d5 3. Nc3 Nc6 4. e5 f6 5. Bb5 Qd7 6. Nf3 a6 7. Bxc6 Qxc6 8. exf6
Nxf6 9. Ne5 Qb6 10. O-O Bd6 11. a4 c5 12. dxc5 Qxc5 13. Bf4 Qc7 14. Re1 O-O 15.
Bg3 Rb8 16. Qd4 b6 17. Re2 Nh5 18. Rae1 Nxg3 19. hxg3 Qc5 20. Qd2 d4 21. Na2
Bb7 22. Nc1 Qd5 23. f3 Rbd8 24. Ncd3 Rf6 25. Nf4 Qa2 26. Nh5 Rf5 27. g4 Rxh5
28. gxh5 Be7 29. b3 Qa3 30. h6 Qd6 31. hxg7 d3 32. Qf4 Kxg7 33. Qg4+ Kf8 34.
Nxd3 Qd4+ 35. Qxd4 Rxd4 36. Rxe6 Bd8 37. Kf2 h5 38. Rh6 h4 39. Ree6 Bc7 40. Ke3
1-0

[Event "BL 1314 SC Viernheim - SG Turm Trier"]
[Site "?"]
[Date "2014.02.09"]
[Round "8.6"]
[White "Mandel, Andreas"]
[Black "Gordon, Stephen J"]
[Result "1/2-1/2"]
[WhiteElo "2402"]
[BlackElo "2504"]
[PlyCount "79"]
[EventDate "2014.??.??"]

1. d4 Nf6 2. Nf3 e6 3. c4 b6 4. g3 c6 5. Bg2 Be7 6. O-O O-O 7. Nc3 d5 8. Ne5
Ba6 9. cxd5 cxd5 10. Bf4 Bb7 11. Qa4 a6 12. Rfc1 b5 13. Qd1 Nbd7 14. Nxd7 Nxd7
15. a4 b4 16. Nb1 Rc8 17. Rxc8 Qxc8 18. Nd2 Qa8 19. Rc1 Bc6 20. Nf3 Rc8 21. b3
Bb7 22. Rc2 Rc3 23. Bd2 Rxc2 24. Qxc2 Bd6 25. Bf4 Qb8 26. Bxd6 Qxd6 27. e3 Qc6
28. Qxc6 Bxc6 29. Bf1 a5 30. Ne1 Kf8 31. f3 Ke7 32. Bd3 h6 33. Kf2 Kd6 34. Ke2
f6 35. Bg6 Bb7 36. Be8 Ba6+ 37. Kd2 Nf8 38. Nd3 Bxd3 39. Kxd3 Nd7 40. Bxd7
1/2-1/2

[Event "BL 1314 SC Viernheim - SG Turm Trier"]
[Site "?"]
[Date "2014.02.09"]
[Round "8.7"]
[White "Jaracz, Pawel"]
[Black "Spiegel, Stefan"]
[Result "1/2-1/2"]
[WhiteElo "2493"]
[BlackElo "2231"]
[PlyCount "177"]
[EventDate "2014.??.??"]

1. c4 Nf6 2. Nc3 e5 3. e3 Bb4 4. Nge2 O-O 5. a3 Bxc3 6. Nxc3 d6 7. Be2 Re8 8.
O-O Nc6 9. d3 Be6 10. b4 d5 11. cxd5 Nxd5 12. Ne4 Bf5 13. Qc2 Bg6 14. Bb2 Rc8
15. Rac1 Nb8 16. Qa4 a6 17. Nc5 b5 18. Qb3 c6 19. Rfd1 Qe7 20. Bf3 Red8 21. g3
Rd6 22. Re1 Rcd8 23. Ne4 R6d7 24. Nc5 Ra7 25. a4 Nb6 26. a5 N6d7 27. e4 Kh8 28.
Red1 f6 29. d4 Nxc5 30. dxc5 Rad7 31. Rxd7 Rxd7 32. Rd1 Bf7 33. Rxd7 Qxd7 34.
Qd1 Qxd1+ 35. Bxd1 Be6 36. f4 Nd7 37. Kf2 Kg8 38. Be2 Kf8 39. f5 Bf7 40. Ke3
Ke7 41. h4 Bb3 42. g4 h6 43. Kd2 Ba2 44. Kc2 Bf7 45. Bc1 Ba2 46. Be3 Nf8 47. g5
hxg5 48. hxg5 Nh7 49. gxf6+ Nxf6 50. Bg5 Kd7 51. Bd3 Bf7 52. Kd2 Bc4 53. Bc2
Ke7 54. Ke3 Kf7 55. Bd1 Ke8 56. Bh4 Ke7 57. Bg3 Nd7 58. Bc2 Kf7 59. Kf3 Ke7 60.
Kg4 Kf7 61. Kf3 Ke7 62. Bh4+ Nf6 63. Be1 Kf7 64. Bc3 Nd7 65. Kg4 Ke7 66. Kg5
Kf8 67. Be1 Kf7 68. Kg4 Nf6+ 69. Kf3 Ke7 70. Ke3 Kf7 71. Bd1 Kf8 72. Bg3 Nd7
73. Bh5 Ke7 74. Bf3 Kf7 75. Bh4 Nf6 76. Bd1 Ke7 77. Bg4 Kf7 78. Bf3 Ke7 79. Bg3
Nd7 80. Bg4 Ke8 81. Bh3 Ke7 82. Be1 Nf6 83. Bc3 Nd7 84. Bg4 Ke8 85. Bf3 Ke7 86.
Kf2 Kf7 87. Kg3 Kf6 88. Be1 Kf7 89. Bc3 1/2-1/2

[Event "BL 1314 SC Viernheim - SG Turm Trier"]
[Site "?"]
[Date "2014.02.09"]
[Round "8.8"]
[White "Mueller, Michael"]
[Black "Gonda, Laszlo"]
[Result "1/2-1/2"]
[WhiteElo "2219"]
[BlackElo "2565"]
[PlyCount "48"]
[EventDate "2014.??.??"]

1. d4 Nf6 2. Nf3 d5 3. Bf4 c5 4. e3 Nc6 5. c3 Qb6 6. Qb3 c4 7. Qc2 Bf5 8. Qc1
Nh5 9. Nbd2 Nxf4 10. exf4 e6 11. Nh4 Bd6 12. g3 O-O 13. Nxf5 exf5 14. Bg2 Rfe8+
15. Kf1 Qb5 16. Bf3 Nxd4 17. a4 Qa5 18. cxd4 Bb4 19. Nxc4 Qa6 20. Kg2 dxc4 21.
Qc2 g6 22. Rac1 Rac8 23. Rhd1 Rc7 24. Be2 Rec8 1/2-1/2

[Event "BL 1314 SC Viernheim - SV Mülheim Nord"]
[Site "?"]
[Date "2014.02.22"]
[Round "9.1"]
[White "Landa, Konstantin"]
[Black "Maze, Sebastien"]
[Result "1-0"]
[WhiteElo "2637"]
[BlackElo "2536"]
[PlyCount "101"]
[EventDate "2014.??.??"]

1. d4 Nf6 2. c4 g6 3. Nc3 Bg7 4. e4 d6 5. Nf3 O-O 6. Be2 c5 7. O-O Re8 8. Be3
Ng4 9. Bg5 h6 10. Bc1 Nf6 11. h3 cxd4 12. Nxd4 Nbd7 13. Be3 b6 14. Qd2 Kh7 15.
Bd1 Bb7 16. Bc2 Rc8 17. b3 a6 18. Rac1 Qc7 19. Bb1 Qb8 20. Rfd1 Ba8 21. f3 e6
22. Bf2 Bf8 23. Bd3 h5 24. Re1 Bb7 25. Kh1 Bh6 26. Be3 Bg7 27. Rcd1 Red8 28.
Bg5 Re8 29. Bb1 Kg8 30. Nde2 Bf8 31. Bf4 Ne5 32. Bh6 Be7 33. Rf1 Ned7 34. Bf4
Ne5 35. Bh6 Ned7 36. Bf4 Ne5 37. Bg5 Ned7 38. f4 Qa8 39. Ng3 Rcd8 40. f5 Kg7
41. Rf2 Rh8 42. fxe6 fxe6 43. Rdf1 Rdf8 44. Nge2 e5 45. Nd5 Nxd5 46. exd5 Rxf2
47. Rxf2 Qe8 48. Ng3 Bc8 49. Bxg6 Kxg6 50. Qd3+ Kxg5 51. h4+ 1-0

[Event "BL 1314 SC Viernheim - SV Mülheim Nord"]
[Site "?"]
[Date "2014.02.22"]
[Round "9.2"]
[White "Abergel, Thal"]
[Black "Fridman, Daniel"]
[Result "1-0"]
[WhiteElo "2416"]
[BlackElo "2607"]
[PlyCount "75"]
[EventDate "2014.??.??"]

1. e4 e6 2. d4 d5 3. Nc3 Nf6 4. e5 Nfd7 5. f4 c5 6. Nf3 Nc6 7. Be3 cxd4 8. Nxd4
Qb6 9. Qd2 Qxb2 10. Rb1 Qa3 11. Ncb5 Qxa2 12. Rd1 Rb8 13. Nc7+ Kd8 14. Ncb5 Nc5
15. Bd3 Nxd3+ 16. Qxd3 Qa5+ 17. Kf2 Nxd4 18. Bxd4 Bd7 19. Rb1 Rc8 20. Nd6 Bxd6
21. exd6 Qa6 22. Bxg7 Qxd3 23. Bf6+ Ke8 24. cxd3 Rg8 25. Rxb7 Rg6 26. Bd4 f6
27. Ra1 Rc2+ 28. Kf1 e5 29. Bf2 Rg7 30. Raxa7 Rc1+ 31. Be1 Rc8 32. f5 d4 33. g4
Rf7 34. Bd2 Rc2 35. Ke1 Rc6 36. h4 h6 37. Bxh6 Rh7 38. Rb8+ 1-0

[Event "BL 1314 SC Viernheim - SV Mülheim Nord"]
[Site "?"]
[Date "2014.02.22"]
[Round "9.3"]
[White "Berelowitsch, Alexander"]
[Black "Beikert, Guenther"]
[Result "1/2-1/2"]
[WhiteElo "2547"]
[BlackElo "2421"]
[PlyCount "135"]
[EventDate "2014.??.??"]

1. e4 e5 2. Nf3 Nc6 3. Bb5 a6 4. Ba4 Nf6 5. O-O Be7 6. Re1 b5 7. Bb3 d6 8. c3
O-O 9. h3 Nb8 10. d3 Nbd7 11. Nbd2 Nc5 12. Bc2 Ne6 13. d4 exd4 14. cxd4 c5 15.
d5 Nf4 16. Nf1 Ng6 17. Ng3 Re8 18. a4 b4 19. a5 Bd7 20. b3 Bb5 21. Nf5 Nd7 22.
Ra2 Qb8 23. Nxe7+ Rxe7 24. Ra1 f6 25. Nh2 c4 26. bxc4 Bxc4 27. Nf3 b3 28. Rb1
Nc5 29. Nd2 Rb7 30. Nxc4 bxc2 31. Rxb7 cxd1=Q 32. Rxb8+ Rxb8 33. Rxd1 Rb1 34.
Rf1 Nxe4 35. Ba3 Rxf1+ 36. Kxf1 Nf4 37. Nxd6 Nd2+ 38. Ke1 Nb3 39. Nb7 Nxd5 40.
Ke2 Kf7 41. Kd3 Nf4+ 42. Kc3 Nxa5 43. Nxa5 Nxg2 44. Kd4 Nf4 45. h4 Kg6 46. Nc6
Ng2 47. Ne7+ Kh5 48. Nf5 g6 49. Ne3 Nxh4 50. Be7 f5 51. Ke5 a5 52. Nc4 a4 53.
Kf4 h6 54. Nb2 g5+ 55. Kg3 f4+ 56. Kh3 g4+ 57. Kh2 Nf5 58. Bc5 Kh4 59. Nxa4 g3+
60. fxg3+ fxg3+ 61. Kg1 Kh3 62. Nc3 Nh4 63. Ne4 Nf3+ 64. Kf1 g2+ 65. Ke2 g1=Q
66. Bxg1 Nxg1+ 67. Kf2 Kh2 68. Nf6 1/2-1/2

[Event "BL 1314 SC Viernheim - SV Mülheim Nord"]
[Site "?"]
[Date "2014.02.22"]
[Round "9.4"]
[White "Meinhardt, Maximilian"]
[Black "Hausrath, Daniel"]
[Result "0-1"]
[WhiteElo "2400"]
[BlackElo "2518"]
[PlyCount "78"]
[EventDate "2014.??.??"]

1. e4 c6 2. Ne2 d5 3. e5 d4 4. b4 e6 5. Bb2 c5 6. bxc5 Bxc5 7. Nf4 Nc6 8. Nd3
Be7 9. Qg4 g6 10. c3 Nh6 11. Qe4 Nf5 12. Na3 O-O 13. Nc2 Bd7 14. cxd4 Rc8 15.
Bc3 Na5 16. Ndb4 Nc4 17. d5 Nb6 18. d6 Bh4 19. g3 a5 20. gxh4 axb4 21. Nxb4 Nd5
22. Nxd5 exd5 23. Qd3 d4 24. Bxd4 Bb5 25. Qxf5 gxf5 26. Rg1+ Kh8 27. Bxb5 Qxh4
28. Bc3 Qe4+ 29. Kf1 Rxc3 30. dxc3 Qxe5 31. a4 Qxd6 32. Rg3 f4 33. Rd3 Qg6 34.
Rad1 Rg8 35. h3 Qg2+ 36. Ke2 Qe4+ 37. Kf1 Rg5 38. f3 Qg6 39. Rd8+ Kg7 0-1